Patriot of Persia : (Record no. 532823)

000 -LEADER
fixed length control field 01351cam a22003737a 4500
001 - CONTROL NUMBER
control field 17235586
003 - CONTROL NUMBER IDENTIFIER
control field NUST
005 - DATE AND TIME OF LATEST TRANSACTION
control field 20191203125010.0
008 - FIXED-LENGTH DATA ELEMENTS--GENERAL INFORMATION
fixed length control field 120305s2012 enkaf b 001 0beng d
010 ## - LIBRARY OF CONGRESS CONTROL NUMBER
LC control number 2012397580
015 ## - NATIONAL BIBLIOGRAPHY NUMBER
National bibliography number GBB1C4600
Source bnb
015 ## - NATIONAL BIBLIOGRAPHY NUMBER
National bibliography number GBB1C4600
Source dnb
016 7# - NATIONAL BIBLIOGRAPHIC AGENCY CONTROL NUMBER
Record control number 015956320
Source Uk
020 ## - INTERNATIONAL STANDARD BOOK NUMBER
International Standard Book Number 9781847921086 (hbk.)
020 ## - INTERNATIONAL STANDARD BOOK NUMBER
International Standard Book Number 1847921086 (hbk.)
035 ## - SYSTEM CONTROL NUMBER
System control number (OCoLC)ocn758984434
038 ## - RECORD CONTENT LICENSOR
Staff Name MSOHAIL
040 ## - CATALOGING SOURCE
Original cataloging agency UKMGB
Transcribing agency UKMGB
Modifying agency YDXCP
-- BWK
-- CDX
-- OUN
-- DEBBG
-- DLC
042 ## - AUTHENTICATION CODE
Authentication code lccopycat
050 00 - LIBRARY OF CONGRESS CALL NUMBER
Classification number DS318.6
Item number .D42 2012b
082 04 - DEWEY DECIMAL CLASSIFICATION NUMBER
Classification number 955.053092
Edition number 23
100 1# - MAIN ENTRY--PERSONAL NAME
Personal name De Bellaigue, Christopher,
Dates associated with a name 1971-
9 (RLIN) 26436
245 10 - TITLE STATEMENT
Title Patriot of Persia :
Remainder of title Muhammad Mossadegh and a very British coup /
Statement of responsibility, etc. Christopher de Bellaigue.
260 ## - PUBLICATION, DISTRIBUTION, ETC.
Place of publication, distribution, etc. London :
Name of publisher, distributor, etc. Bodley Head,
Date of publication, distribution, etc. 2012.
300 ## - PHYSICAL DESCRIPTION
Extent x, 310 p., [8] p. of plates :
Other physical details ill., plates ;
Dimensions 24 cm.
504 ## - BIBLIOGRAPHY, ETC. NOTE
Bibliography, etc. note Includes bibliographical references (p. [289]-296) and index.
600 10 - SUBJECT ADDED ENTRY--PERSONAL NAME
Personal name Mosaddeq, Mohammad,
Dates associated with a name 1880-1967.
9 (RLIN) 26429
650 #0 - SUBJECT ADDED ENTRY--TOPICAL TERM
Topical term or geographic name entry element Prime ministers
Geographic subdivision Iran
Form subdivision Biography.
9 (RLIN) 26437
651 #0 - SUBJECT ADDED ENTRY--GEOGRAPHIC NAME
Geographic name Iran
General subdivision Politics and government
Chronological subdivision 1941-1979.
9 (RLIN) 12804
651 #0 - SUBJECT ADDED ENTRY--GEOGRAPHIC NAME
Geographic name Iran
General subdivision History
Chronological subdivision Coup d'état, 1953.
9 (RLIN) 26438
906 ## - LOCAL DATA ELEMENT F, LDF (RLIN)
a 7
b cbc
c copycat
d 2
e ncip
f 20
g y-gencatlg
942 ## - ADDED ENTRY ELEMENTS (KOHA)
Source of classification or shelving scheme
Koha item type Book
Holdings
Withdrawn status Lost status Source of classification or shelving scheme Damaged status Not for loan Permanent Location Current Location Date acquired Total Checkouts Full call number Barcode Date last seen Price effective from Koha item type
          School of Civil and Environmental Engineering (SCEE) School of Civil and Environmental Engineering (SCEE) 12/03/2019   955.053092 NIT-12663 12/03/2019 12/03/2019 Book
© 2023 Central Library, National University of Sciences and Technology. All Rights Reserved.